Faithful friendships : (Record no. 19318)
[ view plain ]
| 000 -LEADER | |
|---|---|
| fixed length control field | 00370cam a2200133 i 4500 |
| 020 ## - INTERNATIONAL STANDARD BOOK NUMBER | |
| ISBN | 9780802825711 (pbk. : alk. paper) |
| 040 ## - CATALOGING SOURCE | |
| Transcribing agency | DLC |
| 082 00 - DEWEY DECIMAL CLASSIFICATION NUMBER | |
| Classification number | 241 AHA 2002 C165 Or. |
| 100 1# - MAIN ENTRY--AUTHOR NAME | |
| Personal name | Robert, Dana Lee, |
| 245 10 - TITLE STATEMENT | |
| Title | Faithful friendships : |
| Remainder of title | embracing diversity in Christian community / |
| 300 ## - PHYSICAL DESCRIPTION | |
| Number of Pages | xv, 210 pages ; |
| Dimensions | 22 cm |
| 650 #0 - SUBJECT ADDED ENTRY--TOPICAL TERM | |
| Topical Term | Friendship |
| 942 ## - ADDED ENTRY ELEMENTS (KOHA) | |
| Koha item type | ADB |
| 952 ## - LOCATION AND ITEM INFORMATION (KOHA) | |
| Withdrawn status [LOCAL, KOHA] | 0 |
| Source of acquisition | Permanent Location | Date acquired | Koha item type | Lost status | Shelving location | Current Location | Full call number |
|---|---|---|---|---|---|---|---|
| A39453 | Library Block C | 2020-09-23 | សៀវភៅភាសាអង់គ្លេស | C165 | Library Block C | 241 AHA 2002 C165 Or. |